Statistics for Pray For Me - Lyrics

Click here to take the quiz!

General Stats

  • This quiz has been taken 20 times
  • The average score is 219 of 381

Answer Stats

Answer% Correct
for
100%
I
100%
a
93%
me
93%
pray
93%
go
87%
my
87%
My
87%
take
87%
Take
87%
gon
80%
if
80%
If
80%
pain
80%
soul
80%
Who
80%
You
80%
you
80%
again
73%
alone
73%
always
73%
Cause
73%
it
73%
ready
73%
Save
73%
save
73%
see
73%
that
73%
The
73%
the
73%
this
73%
to
73%
war
73%
all
67%
die
67%
from
67%
Just
67%
just
67%
live
67%
myself
67%
road
67%
same
67%
tell
67%
Tell
67%
blood
60%
fight
60%
hell
60%
is
60%
kill
60%
know
60%
Life
60%
life
60%
ride
60%
Then
60%
when
60%
with
60%
without
60%
by
53%
down
53%
in
53%
on
53%
own
53%
world
53%
be
47%
case
47%
hero
47%
need
47%
and
40%
Earthquake
40%
ground
40%
zero
40%
faith
33%
how
33%
many
33%
men
33%
spilled
33%
body
27%
corruption
27%
destruction
27%
god
27%
gotta
27%
heart
27%
hey
27%
hurricanes
27%
left
27%
livin
27%
Mass
27%
mass
27%
wept
27%
at
20%
back
20%
burdens
20%
flood
20%
greater
20%
I´ll
20%
I´m
20%
It´s
20%
look
20%
mirror
20%
sacrificed
20%
Shooters
20%
skip
20%
tears
20%
today
20%
what
20%
who´s
20%
beat
13%
building
13%
comin
13%
doorsteps
13%
front
13%
government
13%
law
13%
of
13%
prophecy
13%
puddles
13%
relief
13%
Scarface
13%
smoke
13%
sufferin
13%
tryna
13%
your
13%
breaks
7%
Clutchin
7%
deaf
7%
don´t
7%
dropped
7%
ears
7%
even
7%
lines
7%
lungs
7%
needle
7%
poor
7%
run
7%
souls
7%
streets
7%
there
7%
top
7%
aid
0%
ain´t
0%
bumps
0%
goods
0%
hard
0%
rapture
0%
that´s
0%
times
0%

Score Distribution

Percentile by Number Answered

Percent of People with Each Score

Your Score History

You have not taken this quiz